| 000 | 01170nam a2200241Ia 4500 | ||
|---|---|---|---|
| 003 | Ost | ||
| 005 | 20260507074959.0 | ||
| 008 | 260507s9999||||xx |||||||||||||| ||und|| | ||
| 020 | _a9953140219 | ||
| 040 | _cfsecg | ||
| 041 | _aara | ||
| 082 | _a338.9 | ||
| 100 |
_aريفيرو، أوزوالدو دي _eمؤلف |
||
| 245 | 0 |
_aخرافة التنمية الإقتصادية : _bإقتصاديات مستنفذة في القرن الحادي والعشرين / _c أوزوالدو دي ريفيرو |
|
| 260 |
_aبيروت: _bالشركة العالمية للكتاب, _c2003 |
||
| 300 |
_a250 صفحة؛ _c20 سم |
||
| 490 | _aسلسلة عين | ||
| 504 | _aالهوامش:ص.227-232؛ مراجع ص.233-236؛ الفهرس:ص.237-247 | ||
| 520 | _aأفول الدولة-الأمة،تفويض السلطة العالمي والإفقار القومي،الداروينية العالمية،التفتيش عن الدورادو(مناجم الذهب الاسطورية)،السلب على نطاق عالمي،البقاء | ||
| 653 | _aالتنمية الاقتصادية | ||
| 700 |
_aنقولا، عزقول _eمؤلف ثانوي |
||
| 942 | _cكتاب | ||
| 999 |
_c42057 _d42057 |
||